| 000 | 00640nam a22001817a 4500 | ||
|---|---|---|---|
| 999 |
_c193673 _d193673 |
||
| 005 | 20221109120347.0 | ||
| 010 | _aENG-135626 | ||
| 020 |
_a9789351952121 _c299.00 |
||
| 035 | _aEN-119158 | ||
| 037 | _bDBAD/PUB | ||
| 082 | _a302.2310954 | ||
| 100 | _aLal, Ankit | ||
| 245 |
_aIndia social: _bhow social media is leading the charge and changing the country/ _cby Ankit Lal |
||
| 260 |
_aGurugram _bHachette Book Publishing Pvt. Ltd _c2017 |
||
| 270 |
_a4th & 5th Floors, Corporate Centre, Plot No. 94, Sector 44 _bGurugram _e122003 |
||
| 300 |
_a258p. _c20cm(pbk) _bAcknowledgements |
||
| 942 |
_2ddc _cEN _mLAL _h302.2310954 |
||